[Event "Grenzturnering 2016-2017"]
[Site "Oster Hojst"]
[Date "2017.02.21"]
[Round "6"]
[White "Palm, Eivind"]
[Black "Millgramm, Stephan"]
[Result "1-0"]
[WhiteElo "1787"]
[BlackElo "1800"]
[PlyCount "51"]
[EventDate "2016.??.??"]

1. Nf3 Nf6 2. c4 c5 3. Nc3 Nc6 4. g3 g6 5. Bg2 Bg7 6. d4 cxd4 7. Nxd4 O-O 8.
O-O a6 9. a3 Qb6 10. Nxc6 dxc6 11. Qc2 Bf5 12. e4 Be6 13. Be3 Qc7 14. c5 Ng4
15. Bf4 Ne5 16. Rad1 Rfd8 17. Na4 Qa5 18. b4 Qb5 19. Nb6 Rab8 20. Rfe1 Rxd1 21.
Rxd1 Bg4 22. Bxe5 Bxd1 23. Qxd1 Bxe5 24. Bf1 Bc7 25. Bxb5 axb5 26. Qd7 1-0

[Event "Grenzturnering 2016-2017"]
[Site "Tonder"]
[Date "2017.03.14"]
[Round "6"]
[White "Jensen, Scot Wolfgang"]
[Black "Lindgaard, Tobias Simon"]
[Result "0-1"]
[WhiteElo "1578"]
[BlackElo "1462"]
[PlyCount "64"]
[EventDate "2016.??.??"]

1. e4 c5 2. Nf3 Nc6 3. Nc3 Nf6 4. h3 e6 5. g4 d5 6. e5 Nd7 7. Qe2 Qc7 8. Nb5
Qb8 9. d4 a6 10. Nd6+ Bxd6 11. exd6 Qxd6 12. dxc5 Nxc5 13. Be3 b6 14. a4 O-O
15. Rd1 f5 16. g5 f4 17. Bd4 e5 18. Bc3 d4 19. b3 Qc7 20. Bb2 Bb7 21. Rg1 Rad8
22. Ba3 e4 23. Qc4+ Kh8 24. Nxd4 e3 25. f3 Rxd4 26. Rxd4 Nxd4 27. Qxd4 Rd8 28.
Qc3 Nd3+ 29. Qxd3 Rxd3 30. Bxd3 Qc3+ 31. Kf1 Bxf3 32. Bc1 Qa1 0-1

[Event "Grenzturnering 2016-2017"]
[Site "Oster Hojst"]
[Date "2017.02.21"]
[Round "6"]
[White "Jensen, Jens Peter"]
[Black "Madsen, Nis H"]
[Result "0-1"]
[WhiteElo "1325"]
[BlackElo "1500"]
[PlyCount "120"]
[EventDate "2016.??.??"]

1. e4 e5 2. Nf3 d6 3. h3 h6 4. Bc4 Nf6 5. d3 Be7 6. Nc3 a6 7. a4 Be6 8. Nd5
Bxd5 9. exd5 c6 10. dxc6 Nxc6 11. Bd2 e4 12. dxe4 Nxe4 13. O-O O-O 14. Bd5 Nf6
15. Bxc6 bxc6 16. Nd4 Qb6 17. Bc3 Nd5 18. Nf5 Bf6 19. Bxf6 Nxf6 20. Ne7+ Kh8
21. b3 Ne4 22. Nf5 Qc5 23. Ne3 d5 24. Qh5 Ng3 25. fxg3 Qxe3+ 26. Kh2 Qe6 27.
Rae1 Qd7 28. Rf4 Rae8 29. Ref1 Re7 30. g4 Qd6 31. g5 Qe5 32. h4 Re6 33. Kh3 Rg6
34. Rf5 Qe6 35. g4 Kg8 36. R1f3 hxg5 37. hxg5 Qe1 38. Kg2 Qe2+ 39. Kh1 Qxc2 40.
Rh3 Qd1+ 41. Kg2 Qe2+ 42. Rf2 Qe4+ 43. Kg1 f6 44. gxf6 Rfxf6 45. Qh8+ Kf7 46.
Qh4 Rxf2 47. Kxf2 Rf6+ 48. Kg1 Qd4+ 49. Kg2 Qe4+ 50. Kg1 Qd4+ 51. Kg2 Qd2+ 52.
Kg1 Qf4 53. Qh5+ Rg6 54. Rh4 Qg3+ 55. Kh1 Qf3+ 56. Kh2 d4 57. Qf5+ Qxf5 58.
gxf5 Rh6 59. Rxh6 gxh6 60. Kg2 Kf6 0-1

[Event "Grenzturnering 2016-2017"]
[Site "Oster Hojst"]
[Date "2017.02.21"]
[Round "6"]
[White "Martens, Holger"]
[Black "Lauritzen, Vagn"]
[Result "1-0"]
[WhiteElo "1817"]
[BlackElo "1536"]
[PlyCount "63"]
[EventDate "2016.??.??"]

1. e4 e6 2. c4 c5 3. Nf3 Nc6 4. Be2 d6 5. O-O Nf6 6. Nc3 b6 7. d4 cxd4 8. Nxd4
Bb7 9. b3 e5 10. Nxc6 Bxc6 11. Re1 Be7 12. Qd3 O-O 13. Ba3 Qb8 14. Rac1 Rd8 15.
Rc2 Qb7 16. Nd5 Rac8 17. Rec1 a6 18. f3 Qa7 19. Qe3 h6 20. Qxb6 Qd7 21. Kf1 Nh7
22. Nxe7+ Qxe7 23. Rd1 Nf6 24. Rcd2 Ne8 25. c5 Qb7 26. Qxb7 Bxb7 27. cxd6 Rc6
28. Bc4 g6 29. Bd5 Rb6 30. Bxb7 Rxb7 31. d7 Nf6 32. Be7 1-0

[Event "Grenzturnering 2016-2017"]
[Site "Oster Hojst"]
[Date "2017.02.21"]
[Round "6"]
[White "Kristensen, Karl Martin"]
[Black "Langner, Michel"]
[Result "0-1"]
[WhiteElo "1108"]
[BlackElo "1846"]
[PlyCount "60"]
[EventDate "2016.??.??"]

1. c4 e5 2. Nc3 d6 3. e4 Nc6 4. d3 Nge7 5. Be3 g6 6. h3 f5 7. f3 f4 8. Bf2 Be6
9. d4 exd4 10. Bxd4 Nxd4 11. Qxd4 Rg8 12. O-O-O Nc6 13. Qd2 Qf6 14. Nd5 Bxd5
15. cxd5 Ne5 16. Kb1 a6 17. Ne2 g5 18. Nd4 Rg7 19. Rc1 Re7 20. Qa5 Rc8 21. Ne6
Kf7 22. Nxc7 Bg7 23. Qb6 Nd7 24. Qb3 Nc5 25. Rxc5 Rcxc7 26. Rxc7 Rxc7 27. Qb6
Kg6 28. Be2 Rc5 29. Qxb7 Rb5 30. Bxb5 Qxb2# 0-1

[Event "Grenzturnering 2016-2017"]
[Site "Oster Hojst"]
[Date "2017.02.21"]
[Round "6"]
[White "Heinemann, Guido"]
[Black "Falsig, Niels"]
[Result "1/2-1/2"]
[WhiteElo "1817"]
[BlackElo "1705"]
[PlyCount "132"]
[EventDate "2016.??.??"]

1. e4 d5 2. d4 dxe4 3. Nc3 Nf6 4. f3 exf3 5. Nxf3 Bg4 6. Bc4 e6 7. O-O Be7 8.
Bf4 c6 9. Qd2 Nbd7 10. Rae1 O-O 11. h3 Bxf3 12. Rxf3 Nb6 13. Bb3 Nbd5 14. Be5
Nd7 15. Ne4 Nxe5 16. dxe5 Qb6+ 17. Kh1 Rad8 18. Qe2 Qd4 19. c4 Nc7 20. Ng3 Qd2
21. Qe4 Rd4 22. Rd1 Rxe4 23. Rxd2 Rxe5 24. Rd7 Re1+ 25. Nf1 Bd8 26. Kh2 Na6 27.
Rxb7 Bb6 28. Rd7 Nc5 29. Rd1 Re2 30. Rd2 Rxd2 31. Nxd2 Rd8 32. Nf1 Rd3 33. Bc2
Rxf3 34. gxf3 e5 35. b4 Ne6 36. c5 Bc7 37. Ng3 Nd4 38. Be4 g6 39. Kg2 f5 40.
Bd3 Kf7 41. Kf2 Kf6 42. Ne2 Ne6 43. Ba6 Kg5 44. Bb7 a5 45. a3 axb4 46. axb4 Nd8
47. Bc8 Kf6 48. Nc3 Ne6 49. Bd7 Nf4 50. Kg3 Nd3 51. b5 Nxc5 52. Bxc6 e4+ 53.
Kf2 Ke5 54. Nd5 Bd6 55. fxe4 Nxe4+ 56. Kg2 f4 57. b6 Nc5 58. b7 Na6 59. Kf3 g5
60. Nb6 Nb8 61. Nd7+ Nxd7 62. Bxd7 h5 63. Be8 g4+ 64. hxg4 hxg4+ 65. Kxg4 Ke4
66. Bc6+ Ke3 1/2-1/2

[Event "Grenzturnering 2016-2017"]
[Site "Flensburg"]
[Date "2017.03.21"]
[Round "7"]
[White "Langner, Michel"]
[Black "Soerensen, Helge"]
[Result "1-0"]
[WhiteElo "1846"]
[BlackElo "1670"]
[PlyCount "95"]
[EventDate "2016.??.??"]

1. e4 c5 2. f4 e6 3. Nf3 a6 4. Be2 Nf6 5. Nc3 Be7 6. d3 Nc6 7. b3 O-O 8. Bb2 b5
9. Qd2 Bb7 10. O-O-O Qb6 11. h3 a5 12. a4 Ba6 13. g4 Rfc8 14. axb5 Bxb5 15.
Nxb5 Qxb5 16. g5 Ne8 17. f5 a4 18. f6 Bd8 19. d4 Qb7 20. dxc5 Ra7 21. Bc4 Na5
22. Qd3 axb3 23. Bxb3 Rxc5 24. Nd2 Nxb3+ 25. Nxb3 Rxg5 26. e5 gxf6 27. Nc5 Qa8
28. Nxd7 Ra1+ 29. Bxa1 Qxa1+ 30. Kd2 Rg2+ 31. Ke1 Qa5+ 32. Kf1 Qa8 33. Rg1
Rxg1+ 34. Kxg1 fxe5 35. Kh2 Bc7 36. Rg1+ Kh8 37. Rg3 Qa7 38. Kg2 Qd4 39. Qxd4
exd4 40. Rg4 e5 41. Kf3 f5 42. Rg5 Ng7 43. Nf8 e4+ 44. Ke2 Be5 45. Rxg7 Bd6 46.
Ne6 f4 47. Rd7 Be5 48. Rd8# 1-0

[Event "Grenzturnering 2016-2017"]
[Site "Flensburg"]
[Date "2017.03.21"]
[Round "7"]
[White "Falsig, Niels"]
[Black "Kristensen, Karl Martin"]
[Result "1-0"]
[WhiteElo "1705"]
[BlackElo "1108"]
[PlyCount "115"]
[EventDate "2016.??.??"]

1. d4 d6 2. c4 g6 3. Nc3 Bg7 4. e4 f5 5. Bg5 fxe4 6. f3 exf3 7. Nxf3 Nf6 8. Qd2
h6 9. Bh4 Bf5 10. Be2 Nbd7 11. O-O c5 12. dxc5 Nxc5 13. Nd4 Nce4 14. Nxe4 Nxe4
15. Qe3 Qd7 16. g4 Bxg4 17. Qxe4 Bxe2 18. Qxg6+ Kd8 19. Qxg7 Qg4+ 20. Qxg4 Bxg4
21. Rae1 Rg8 22. Kh1 Kc7 23. Rxe7+ Kb6 24. Bg3 Rac8 25. b3 Bh3 26. Rff7 Kc5 27.
Ne6+ Bxe6 28. Rxe6 d5 29. Bd6+ Kd4 30. Rf4+ Kd3 31. c5 b6 32. b4 Rc6 33. Rf3+
Kc4 34. Rxh6 a5 35. Bf4 Rgg6 36. Rxg6 Rxg6 37. cxb6 Rxb6 38. bxa5 Rb2 39. a3 d4
40. Bd6 d3 41. Bb4 d2 42. Rf1 Rc2 43. Bxd2 Rxd2 44. a6 Rd7 45. Rf6 Kb5 46. Kg2
Ka4 47. Kg3 Rg7+ 48. Kf4 Rh7 49. Kg3 Rg7+ 50. Kf3 Kxa3 51. h4 Kb4 52. h5 Kb5
53. Kf4 Rg1 54. h6 Rf1+ 55. Kg5 Rg1+ 56. Kf5 Rf1+ 57. Kg6 Rg1+ 58. Kf7 1-0

[Event "Grenzturnering 2016-2017"]
[Site "Flensburg"]
[Date "2017.03.21"]
[Round "7"]
[White "Lindgaard, Tobias Simon"]
[Black "Jensen, Jens Peter"]
[Result "1-0"]
[WhiteElo "1462"]
[BlackElo "1325"]
[PlyCount "61"]
[EventDate "2016.??.??"]

1. d4 d5 2. c4 c6 3. Nc3 e6 4. e4 Bb4 5. Bd2 Bxc3 6. Bxc3 dxe4 7. f3 exf3 8.
Nxf3 Nf6 9. Bd3 h6 10. O-O Nbd7 11. d5 O-O 12. dxe6 fxe6 13. Qc2 Qe7 14. Rae1
a6 15. Kh1 b5 16. Nd4 Nc5 17. Be2 Bb7 18. Bf3 Qd6 19. b4 Na4 20. c5 Qd7 21. Ba1
Rad8 22. Qb3 Nd5 23. Bh5 Rxf1+ 24. Rxf1 Rf8 25. Rxf8+ Kxf8 26. Qg3 Nf6 27. Bg6
Ke7 28. Bc2 Kf7 29. Nf3 Qe7 30. Bg6+ Kg8 31. Qb8+ 1-0

[Event "Grenzturnering 2016-2017"]
[Site "Flensburg"]
[Date "2017.03.21"]
[Round "7"]
[White "Millgramm, Stephan"]
[Black "Jensen, Scot Wolfgang"]
[Result "1-0"]
[WhiteElo "1800"]
[BlackElo "1578"]
[PlyCount "31"]
[EventDate "2016.??.??"]

1. e4 e5 2. Nf3 Nc6 3. Bc4 h6 4. O-O Bc5 5. c3 a5 6. d4 exd4 7. cxd4 Bb6 8. Nc3
Na7 9. Ne5 Qf6 10. Nd5 Qh4 11. Nxb6 cxb6 12. Nxf7 Rh7 13. Nd6+ Kd8 14. Bxg8 Qe7
15. Nxc8 Rh8 16. Nxe7 1-0

[Event "Grenzturnering 2016-2017"]
[Site "Flensburg"]
[Date "2017.03.21"]
[Round "7"]
[White "Madsen, Nis H"]
[Black "Jensen, Jacob"]
[Result "0-1"]
[WhiteElo "1500"]
[BlackElo "1842"]
[PlyCount "88"]
[EventDate "2016.??.??"]

1. e4 c6 2. d4 d5 3. e5 Bf5 4. Bd3 Bxd3 5. Qxd3 e6 6. Nf3 c5 7. c3 Nc6 8. Be3
Qb6 9. b3 Rc8 10. Nbd2 cxd4 11. Nxd4 Nxe5 12. Qc2 Bc5 13. O-O Bxd4 14. Bxd4
Qxd4 15. cxd4 Rxc2 16. dxe5 Rxd2 17. Rfc1 Kd7 18. Rc3 Ne7 19. Rac1 Rc8 20. Rxc8
Nxc8 21. Ra1 f6 22. f4 fxe5 23. fxe5 Rc2 24. a4 Ne7 25. Rf1 Ke8 26. Rf3 Ng6 27.
g3 Ke7 28. Re3 d4 29. Re4 d3 30. Kf1 Rxh2 31. Ke1 Re2+ 32. Rxe2 dxe2 33. Kxe2
Nxe5 34. Ke3 Kf6 35. Ke4 h5 36. a5 g5 37. Ke3 Kf5 38. b4 Kg4 39. Kf2 Nd3+ 40.
Kg2 Nxb4 41. Kh2 b6 42. axb6 axb6 43. Kg2 Nd3 44. Kh2 b5 0-1

[Event "Grenzturnering 2016-2017"]
[Site "Flensburg"]
[Date "2017.03.21"]
[Round "7"]
[White "Lauritzen, Vagn"]
[Black "Heinemann, Guido"]
[Result "0-1"]
[WhiteElo "1536"]
[BlackElo "1817"]
[PlyCount "82"]
[EventDate "2016.??.??"]

1. e4 e5 2. Nf3 Nc6 3. Bb5 a6 4. Ba4 Nf6 5. d3 b5 6. Bb3 Bc5 7. Bg5 h6 8. Bh4
g5 9. Bg3 d6 10. h3 Na5 11. c3 Nxb3 12. axb3 Nh5 13. Bh2 Nf4 14. Bxf4 gxf4 15.
b4 Ba7 16. Nbd2 Rg8 17. Rg1 Qf6 18. Qe2 Bb7 19. Nh2 O-O-O 20. Ng4 Qe6 21. Nf3
h5 22. Ngh2 f5 23. Nh4 fxe4 24. dxe4 d5 25. O-O-O dxe4 26. Qxh5 Bxf2 27. Rgf1
Bxh4 28. Qxh4 e3 29. Nf3 e2 30. Rxd8+ Rxd8 31. Re1 Qd5 32. Qg4+ Kb8 33. Nd4
exd4 34. Qxe2 d3 35. Qd2 Qxg2 36. Qxg2 Bxg2 37. Rd1 f3 38. Rd2 Re8 39. Rxd3 f2
40. Rd1 Re1 41. Rxe1 fxe1=Q+ 0-1

[Event "Grenzturnering 2016-2017"]
[Site "Oster Hojst"]
[Date "2017.04.25"]
[Round "8"]
[White "Langner, Michel"]
[Black "Palm, Eivind"]
[Result "1-0"]
[WhiteElo "1846"]
[BlackElo "1787"]
[PlyCount "95"]
[EventDate "2016.??.??"]

1. e4 c5 2. f4 Nf6 3. Nc3 d5 4. e5 d4 5. exf6 dxc3 6. fxg7 cxd2+ 7. Qxd2 Qxd2+
8. Bxd2 Bxg7 9. O-O-O a6 10. g3 Bd7 11. Bg2 Nc6 12. Nf3 Rd8 13. h3 b5 14. g4 h5
15. f5 hxg4 16. hxg4 Rxh1 17. Rxh1 Kf8 18. Be3 Nd4 19. Nxd4 cxd4 20. Bd2 Bc8
21. Be4 e6 22. Bb4+ Ke8 23. Ba5 exf5 24. Bc6+ Bd7 25. Re1+ Kf8 26. Bxd8 Bxc6
27. gxf5 Bh6+ 28. Kb1 Be3 29. f6 Ke8 30. Bb6 Kd7 31. c3 Bd2 32. Re7+ Kd6 33.
Bxd4 Bd5 34. Ra7 Be6 35. Rxa6+ Kd5 36. b3 b4 37. Ra5+ Ke4 38. Kc2 Bf4 39. Rb5
bxc3 40. Bxc3 Bd5 41. a4 Bc6 42. Rc5 Bd5 43. a5 Be3 44. Rc7 Kf5 45. a6 Bf4 46.
Rc5 Ke6 47. Rxd5 Kxd5 48. a7 1-0

[Event "Grenzturnering 2016-2017"]
[Site "Oster Hojst"]
[Date "2017.04.25"]
[Round "8"]
[White "Lindgaard, Tobias Simon"]
[Black "Heinemann, Guido"]
[Result "1-0"]
[WhiteElo "1462"]
[BlackElo "1817"]
[PlyCount "107"]
[EventDate "2016.??.??"]

1. Nf3 Nf6 2. g3 d6 3. Bg2 c6 4. O-O e5 5. d3 h6 6. c3 Be6 7. e4 Be7 8. Na3 Qc8
9. Nc2 Bh3 10. Ne3 Bxg2 11. Kxg2 g6 12. Qc2 Ng4 13. h3 Nxe3+ 14. Bxe3 Nd7 15.
Qd2 Nf6 16. Ng1 g5 17. Qc2 Qe6 18. d4 exd4 19. Bxd4 c5 20. Bxf6 Bxf6 21. Rad1
O-O 22. Rd5 Rfe8 23. f3 Rad8 24. g4 Be5 25. Ne2 Kg7 26. Rfd1 Qf6 27. Qd2 Re6
28. Ng3 Bxg3 29. Kxg3 Kf8 30. Rf5 Qg7 31. Qd5 Rf6 32. e5 Rxf5 33. gxf5 h5 34.
exd6 Qf6 35. Qxc5 h4+ 36. Kg4 Kg7 37. Qd4 Qxd4+ 38. Rxd4 Rd7 39. Kxg5 f6+ 40.
Kxh4 Kf8 41. c4 Ke8 42. c5 Rh7+ 43. Kg4 Kd7 44. h4 Rg7+ 45. Kf4 Rg2 46. Rb4 Kc6
47. Rd4 Kd7 48. b4 Rxa2 49. Re4 Rd2 50. h5 a6 51. h6 Rh2 52. Re7+ Kc6 53. h7 b6
54. Rc7+ 1-0

[Event "Grenzturnering 2016-2017"]
[Site "Oster Hojst"]
[Date "2017.04.25"]
[Round "8"]
[White "Martens, Holger"]
[Black "Jensen, Jacob"]
[Result "0-1"]
[WhiteElo "1817"]
[BlackElo "1842"]
[PlyCount "54"]
[EventDate "2016.??.??"]

1. e4 c5 2. b3 Nf6 3. d3 d5 4. exd5 Nxd5 5. Bb2 Nc6 6. Nf3 Nf4 7. Qd2 Qc7 8.
Nc3 Ne5 9. Nxe5 Qxe5+ 10. Qe3 Qxe3+ 11. fxe3 Ne6 12. Be2 g6 13. Nd5 Rg8 14. O-O
Bd7 15. Bg4 f5 16. Bf3 O-O-O 17. e4 f4 18. Bg4 g5 19. Bf5 Nd4 20. Bxd7+ Kxd7
21. c3 Nc6 22. g3 Rg6 23. gxf4 gxf4+ 24. Kh1 e5 25. Ba3 Ne7 26. Bxc5 Nxd5 27.
Bxf8 Ne3 0-1

[Event "Grenzturnering 2016-2017"]
[Site "Oster Hojst"]
[Date "2017.04.25"]
[Round "8"]
[White "Lauritzen, Vagn"]
[Black "Millgramm, Stephan"]
[Result "0-1"]
[WhiteElo "1536"]
[BlackElo "1800"]
[PlyCount "52"]
[EventDate "2016.??.??"]

1. e4 c5 2. Nf3 d6 3. c3 Nc6 4. d4 cxd4 5. cxd4 g6 6. Nc3 Bg7 7. Bb5 a6 8. Bc4
b5 9. Bd5 Qb6 10. Qb3 e6 11. Bxc6+ Qxc6 12. Be3 Nf6 13. O-O Nxe4 14. d5 exd5
15. Nxd5 Be6 16. Rfd1 Nc5 17. Rac1 Rc8 18. Bxc5 dxc5 19. Rc2 c4 20. Qe3 Qc5 21.
Qe2 O-O 22. b4 Qa7 23. Nf4 Bf5 24. Rcd2 Rfe8 25. Qf1 c3 26. Rd6 c2 0-1

[Event "Grenzturnering 2016-2017"]
[Site "Oster Hojst"]
[Date "2017.04.25"]
[Round "8"]
[White "Jensen, Scot Wolfgang"]
[Black "Soerensen, Helge"]
[Result "0-1"]
[WhiteElo "1578"]
[BlackElo "1670"]
[PlyCount "66"]
[EventDate "2016.??.??"]

1. e4 c5 2. Nc3 e6 3. Nf3 a6 4. a3 Qc7 5. d4 cxd4 6. Nxd4 Nf6 7. g3 b5 8. Bg2
Bb7 9. O-O Be7 10. Re1 d6 11. Qf3 Nbd7 12. Qe2 O-O 13. Nf3 Rac8 14. Bd2 Nc5 15.
e5 Nfe4 16. Bf4 Nxc3 17. bxc3 d5 18. Nd4 Na4 19. c4 Qxc4 20. Qd1 Bc5 21. Be3
Bxd4 22. Bxd4 Qxc2 23. Qg4 Rc4 24. Rac1 Qd3 25. Rcd1 Qxa3 26. Bf1 Rc7 27. Bd3
Rfc8 28. Re3 Qe7 29. Qh5 g6 30. Qh6 Nc5 31. Bb1 Ne4 32. Rde1 Qb4 33. Rd3 Qxe1+
0-1

[Event "Grenzturnering 2016-2017"]
[Site "Oster Hojst"]
[Date "2017.04.25"]
[Round "8"]
[White "Jensen, Jens Peter"]
[Black "Kristensen, Karl Martin"]
[Result "1-0"]
[WhiteElo "1325"]
[BlackElo "1108"]
[PlyCount "105"]
[EventDate "2016.??.??"]

1. e4 e5 2. Nf3 Nc6 3. Bc4 Bc5 4. O-O Nf6 5. Re1 O-O 6. h3 Kh8 7. a3 Qe7 8. d3
d6 9. Bg5 Be6 10. Ba2 h6 11. Bh4 Rg8 12. Nc3 Bxa2 13. Rxa2 g5 14. Bg3 a6 15.
Ra1 Qe6 16. Kh2 Rg7 17. Ng1 h5 18. Nd5 Rag8 19. Nxc7 Qd7 20. Nd5 Nxd5 21. exd5
h4 22. dxc6 hxg3+ 23. fxg3 bxc6 24. Re4 f5 25. Ra4 Qa7 26. Qf3 g4 27. Qxf5 gxh3
28. Rh4+ Rh7 29. Rxh7+ Qxh7 30. Qxh7+ Kxh7 31. Kxh3 Rh8 32. Nf3 Kg6+ 33. Kg4
Kf6 34. Rf1 Ke7 35. b4 Ba7 36. c3 Rf8 37. Re1 Kf6 38. d4 Re8 39. dxe5+ dxe5 40.
Nh4 e4 41. Rf1+ Kg7 42. Nf5+ Kg6 43. Kf4 e3 44. Re1 e2 45. g4 Bb8+ 46. Kf3 Kg5
47. Ne3 Bf4 48. Rxe2 Rxe3+ 49. Rxe3 Bxe3 50. Kxe3 Kxg4 51. Kd4 Kg3 52. Kc5 Kxg2
53. Kxc6 1-0

[Event "Grenzturnering 2016-2017"]
[Site "Tonder"]
[Date "2017.05.01"]
[Round "8"]
[White "Madsen, Nis H"]
[Black "Falsig, Niels"]
[Result "1-0"]
[WhiteElo "1500"]
[BlackElo "1705"]
[PlyCount "61"]
[EventDate "2016.??.??"]

1. e4 c5 2. Bc4 Nc6 3. c3 Nf6 4. d3 g6 5. Bg5 Bg7 6. Nf3 O-O 7. h3 h6 8. Bxf6
Bxf6 9. O-O e6 10. d4 cxd4 11. cxd4 Qb6 12. e5 Qxb2 13. exf6 Qxa1 14. Qd2 Kh7
15. Nc3 Qxf1+ 16. Kxf1 d5 17. Bb3 b6 18. Ne5 Nxe5 19. dxe5 Ba6+ 20. Kg1 Rac8
21. Ne2 Bxe2 22. Qxe2 d4 23. Bc4 Rc5 24. h4 Rfc8 25. Bd3 Rg8 26. h5 Rc7 27.
hxg6+ fxg6 28. Qf3 Rf7 29. g4 Rc8 30. g5 Rc5 31. Qe4 1-0

[Event "Grenzturnering 2016-2017"]
[Site "Tonder"]
[Date "2017.05.??"]
[Round "9"]
[White "Langner, Michel"]
[Black "Lindgaard, Tobias Simon"]
[Result "1-0"]
[WhiteElo "1846"]
[BlackElo "1462"]
[PlyCount "79"]
[EventDate "2016.??.??"]

1. e4 e5 2. Nf3 Nf6 3. Nc3 Nc6 4. Bc4 Bc5 5. d3 d6 6. h3 a6 7. Bg5 Na5 8. Nd5
Nxc4 9. dxc4 c6 10. Nxf6+ gxf6 11. Bh4 Be6 12. Qe2 Rg8 13. g4 b5 14. cxb5 axb5
15. b3 Bb4+ 16. Kf1 Bc3 17. Rd1 Qc7 18. Qd3 Bb4 19. Bxf6 Ra3 20. Nxe5 Rg6 21.
Bh4 f6 22. Nxg6 Bc4 23. bxc4 Rxd3 24. cxd3 hxg6 25. cxb5 cxb5 26. Bxf6 Qc2 27.
Kg2 Qxa2 28. Ra1 Qe2 29. Rhd1 Bd2 30. Kg1 b4 31. d4 Bc3 32. Rab1 Qxe4 33. d5
Qf3 34. Bxc3 bxc3 35. Re1+ Kf7 36. Re3 Qxd5 37. Rxc3 Qd4 38. Re3 Qc4 39. Rd1 d5
40. Red3 1-0

[Event "Grenzturnering 2016-2017"]
[Site "Tonder"]
[Date "2017.05.15"]
[Round "9"]
[White "Heinemann, Guido"]
[Black "Palm, Eivind"]
[Result "0-1"]
[WhiteElo "1817"]
[BlackElo "1787"]
[PlyCount "70"]
[EventDate "2016.??.??"]

1. e4 c5 2. b4 cxb4 3. Bb2 d5 4. exd5 Nf6 5. a3 Nxd5 6. axb4 Nxb4 7. Na3 N8c6
8. Bc4 Bf5 9. Nf3 e6 10. O-O Nd5 11. Ne5 Nxe5 12. Bxe5 a6 13. Bb3 Nf6 14. Qf3
Bxa3 15. Rxa3 O-O 16. Bxf6 Qxf6 17. Qxb7 Qg6 18. d3 a5 19. Rfa1 h5 20. Ra4 Rab8
21. Qf3 Bxd3 22. cxd3 Rxb3 23. Rxa5 Qxd3 24. Qxd3 Rxd3 25. Rxh5 Rc8 26. g3 Rd2
27. Ra7 g6 28. Rh4 e5 29. Ra3 Rcc2 30. Rf3 f5 31. Ra4 Kg7 32. h4 e4 33. Rf4
Rd1+ 34. Kg2 Rcc1 35. Ra7+ Kh6 0-1

[Event "Grenzturnering 2016-2017"]
[Site "Tonder"]
[Date "2017.05.15"]
[Round "9"]
[White "Falsig, Niels"]
[Black "Martens, Holger"]
[Result "0-1"]
[WhiteElo "1705"]
[BlackElo "1817"]
[PlyCount "44"]
[EventDate "2016.??.??"]

1. d4 Nf6 2. Nf3 d5 3. c4 e6 4. Nc3 Be7 5. Bf4 O-O 6. e3 Nbd7 7. c5 Nh5 8. Bg3
b6 9. b4 a5 10. a3 c6 11. Ne5 Nxe5 12. Bxe5 f6 13. Be2 fxe5 14. Bxh5 exd4 15.
exd4 bxc5 16. bxc5 e5 17. dxe5 Bxc5 18. O-O Qg5 19. Na4 Ba7 20. Rc1 Ba6 21. Be2
Bxe2 22. Qxe2 Rxf2 0-1